Arab Multidimensional Poverty Report (Record no. 34700)
[ view plain ]
| 000 -LEADER | |
|---|---|
| fixed length control field | 00751nam a2200157 a 4500 |
| 008 - FIXED-LENGTH DATA ELEMENTS--GENERAL INFORMATION | |
| fixed length control field | 190521s2017 ||||||||||||||||| || u |
| 050 ## - LIBRARY OF CONGRESS CALL NUMBER | |
| Classification number | ESCWA(058)AMPR/2017 |
| 110 ## - MAIN ENTRY--CORPORATE NAME | |
| Corporate name or jurisdiction name as entry element | Economic And Social Commision For Western Asian (ESCWA) |
| 245 10 - TITLE STATEMENT | |
| Title | Arab Multidimensional Poverty Report |
| Statement of responsibility, etc. | By Economic And Social Commission For Western Asia (ESCWA) |
| 260 ## - PUBLICATION, DISTRIBUTION, ETC. | |
| Place of publication, distribution, etc. | Beirut |
| Name of publisher, distributor, etc. | Economic and Social Commission for Western Asia (ESCWA) |
| Date of publication, distribution, etc. | 2017 |
| 300 ## - PHYSICAL DESCRIPTION | |
| Extent | xvi, 57pages:illustrations |
| 650 ## - SUBJECT ADDED ENTRY--TOPICAL TERM | |
| Topical term or geographic name entry element | INCOME DISTRIBUTION--ECONOMETRIC MODELS |
| 650 ## - SUBJECT ADDED ENTRY--TOPICAL TERM | |
| Topical term or geographic name entry element | POVERTY--ECONOMETRIC MODELS |
| 650 ## - SUBJECT ADDED ENTRY--TOPICAL TERM | |
| Topical term or geographic name entry element | POOR--ECONOMETRIC MODELS |
| 995 ## - RECOMMENDATION 995 [LOCAL, UNIMARC FRANCE] | |
| -- | CBU-MAIN LIBRARY (Kitwe) |
| -- | 1 |
| -- | AVAILABLE |
| -- | May 21, 2019 |
| -- | International Publications |
| Withdrawn status | Lost status | Source of classification or shelving scheme | Damaged status | Not for loan | Home library | Current library | Shelving location | Date acquired | Total Checkouts | Full call number | Barcode | Date last seen | Price effective from | Koha item type |
|---|---|---|---|---|---|---|---|---|---|---|---|---|---|---|
| CBU-MAIN LIBRARY, KITWE. | CBU-MAIN LIBRARY, KITWE. | 11/30/2022 | ESCWA(058)AMPR/2017 | B3974 | 11/30/2022 | 11/30/2022 | MONOGRAPH |